| 000 | 00608nam a2200181Ia 4500 | ||
|---|---|---|---|
| 003 | GCL | ||
| 008 | 140319s9999 xx 000 0 ara d | ||
| 040 |
_aGCL / _cGCL |
||
| 082 | 0 | 4 |
_a415.2 _bع خ |
| 100 | 1 | _aعبدالقادر بن عمر البغدادى | |
| 245 | 1 | 0 |
_aخزان الادب ولب الباب لسان العرب / _cعبدالقادر بن عمر البغدادى |
| 260 |
_a[S.N] : _bالهيئة المصرية العامة للكتاب ، _c1979 |
||
| 300 | _a483 ص | ||
| 490 |
_aقرائنا _v0 |
||
| 650 | 0 | 4 | _aالنحو |
| 650 | 0 | 4 | _aالنحو - تاريخ |
| 942 |
_2ddc _cBK |
||
| 999 |
_c54485 _d54485 |
||